Properties and management of forest soils

Bibliographic Details
Main Author: PRITCHETTWilliam L.
Other Authors: Fisher
Format: Book
Published: New York : Wiley , 1987
Subjects:

MARC

LEADER 00000cam a2200000 7i4500
001 0000002142
005 20021127.0
020 0 0 |a 0471895725 
090 0 0 |a 634.9   |b PRI 1987 
100 1 0 |a PRITCHETTWilliam L. 
245 1 0 |a Properties and management of forest soils   |c William L. Pritchett, Richard F. Fisher 
260 0 0 |a New York :   |b Wiley ,   |c 1987 
300 |a xv, 494 p. :   |b ill. ;   |c 24 cm. 
500 0 0 |a Includes bibliography: p. 443-479 and index 
650 0 0 |a Forest management 
650 0 0 |a Forest soils 
650 0 0 |a Soil management 
700 0 1 |a Fisher   |h Richard F. 
998 |a JPSM 
999 |a 0000003549   |b Monograph   |c Open Shelf   |e Default branch